Łatwy test wiedzy geograficznej - Statystyki

Ogólne statystyki
  • Ten quiz został rozwiązany 294 razy
  • Średni wynik to 8 z 10
Statystyki odpowiedzi
Zagadnienie Odpowiedź % Poprawnych
Które państwo z podanych nie leży w Europie? Maroko
100%
Z którym państwem z podanych graniczą Stany Zjednoczone? Meksyk
100%
Z którym państwem nie graniczy Polska? Węgry
100%
Częścią jakiego państwa był niegdyś Tajwan? Chin
89%
Które państwo nie leży w Ameryce Południowej? Kostaryka
89%
Które państwo z podanych leży w Afryce? Namibia
89%
Z którym państwem nie graniczą Chiny? Iran
83%
Które państwo z podanych jest członkiem NATO? Turcja
83%
Jakie państwo nie jest w Unii Europejskiej? Szwajcaria
67%
Które państwo z podanych ma największą liczbę ludności? Indonezja
44%
Nie znaleziono quizów pasujących do podanych kryteriów
Rozkład punktacji
Procent ludzi z każdym wynikiem
Percentyl według liczby udzielonych odpowiedzi
Twoja historia wyników
Nie rozwiązałeś tego quizu